00961nam a2200265Ia 450000500170000000800410001702000150005810000270007324500480010025000190014830000270016749000210019450501230021565000390033865000430037765000400042065000360046065000330049626400320052933600270056133700330058833800280062104000350064908400110068420220317001201.0160825s2004 ck g 000 0 spa  a958420906X1 aGossaín, Juand1949-13aLa balada de María AbdalacJuan Gossaín a6a. edición  a205 páginas c21 cm  aBiblioteca breve aLa muerte -- El fantasma -- El origen -- El incendio -- La santa -- Los cangrejos -- El verano -- El padre -- El final142LEMBaNovela colombiana ySiglo XX142LEMBaLiteratura colombiana ySiglo XX142LEMBaInmigrantes en la literatura 142LEMBaFamilia en la literatura 142LEMBaAmor en la literatura  aBogotábSeix Barralc2004 atextobtxt2rdacontent asin mediaciónbn2rdamedia avolumenbnc2rdacarrier aCO-BoRNBPbspaerdacCO-BoRNBP aN GOS2